000 00545nam a2200193Ia 4500
001 10009
003 GE_BSU
008 181216s||||||||xx |||||||||||||| ||und||
040 _cGE_BSU
100 _aონიანი,ესმა
245 _aლექსები
245 _cრედ.ტ.მებურიშვილი.გ.ნავროზაშვილი
260 _aთბილისი
260 _bმერანი
260 _c1978
300 _a60გვ,16სმ;
653 _aლექსები
942 _cBK
999 _c43282
_d43282